Юридична енциклопедія (Запис № 17591)

000 -Маркер запису
Контрольне поле сталої довжини 01744nam a22002657a 4500
003 - Належність контрольного номера
Контрольне поле Uzh_bibl
008 - Кодовані дані
Контрольне поле сталої довжини 260430b |||||||| |||| 00| 0 ukr d
020 ## - Індекс ISBN
ISBN 966-7492-06-0
Ціна 43.63
040 ## - Джерело каталогіз.
Код мови каталог. укр.
041 ## - Код мови видання
Код мови оригіналу українська
Код мови тексту українська
080 ## - Індекс УДК
Індекс УДК 340.12
090 ## - Шифри
Поличний індекс 340.12
Авторський знак Ю70
100 ## - Автор
Автор -
245 ## - Назва
Назва Юридична енциклопедія
Відповідальність Редкол.Ю.С. Шемчушенко
Фізичний носій Текст
260 ## - Вихідні дані
Місце видання Київ
Видавництво "Українська енциклопедія" імені М.П.Бажана
Дата видання 2004
300 ## - Фізичний опис
Обсяг 768 с.
Ілл./тип відтвор. іл.
Тип одиниці В опр.
490 ## - Серія
№ тому Т.6
520 ## - Анотація
Анотація Юридична енциклопедія - перший в Україні багатотомний систематизований звіт знань про державу право. Заключний шостий, том містить 1525 статей 16 карт та ілюстрований матеріал. До тому включено "Доповнення" - комплекс статей 335 термінів, які з різних причин не увійшли до попередніх томів ЮЕ.Подано додатки, покажчик авторів енциклопедії, іменний покажчик, список основних скорочень. Пропонується також словник латинських юридичних виразів і термінів.
521 ## - Примітка про цільове призначення
Примітка про цільове призначення Для широкого кола читачів
546 ## - Примітка про мову
Примітка про мову укр.
650 ## - Тематичні рубрики
Основна рубрика Науково-довідкове видання
653 ## - Ключові слова
Ключові слова Вирази
-- Терміни
-- Держава
-- Право
655 ## - Термін індексування — жанр/форма
Жанр/форма Довідкова література
Типове ділення Карти
-- Статті
942 ## - ADDED ENTRY ELEMENTS (KOHA)
Джерело класифікації чи схема поличного розташування
Koha item type Книги
Фонди
Статус вилучення Статус втрати/відсутності Джерело класифікації чи схема поличного розташування Статус пошкодження Тип обігу (не для випозичання) Постійне розташування Поточне розташування Розташування у відділі Дата надходження Інвентарний номер Total Checkouts Повний (примірниковий) шифр зберігання Штрих-код Date last seen Дата, для якої чинна ціна заміни Тип одиниці (рівень примірника)
          Бібліотека-філія №2 Бібліотека-філія №2 Читальна зала старший відділ 30/04/2026 54320   340.12 19739 30/04/2026 30/04/2026 Книги

Працює на АБІС Коха